000 01658nam a22001577a 4500
041 _aukr
080 _a09
090 _bНОВ
100 _aНовак В.В.
245 _aОсобливості використання метафори в англомовному політичному тексті (на матеріалах дебатів Барака Обами та Джона Маккейна)
260 _aОстрог
_bКАФ
_c2012
300 _a90
520 _aРозділ 1. Використання метафор у політичному тексті. 1.1 Політичний текст як засіб мовного впливу. 1.2 Політична метафора та принципи її утворення. 1.3 Роль метафори у політичному тексті. Розділ 2. Особливості метафор, використаних кандидатами у президенти Бараком Обамою та Джоном Маккейном під час передвиборчих дебатів 2008 року. 2.1 Вживання метафор у перших передвиборчих дебатах Барака Обами і Джона Маккейна. 2.2 Вживання метафор у других передвиборчих дебатах Барака Обами і Джона Маккейна. 2.3 Аналіз метафор використаних під час третіх передвиборчих дебатів Брака Обами і Джона Маккейна.
_0метафора, полтіичний,дебати
650 _aResearch Papers
999 _c284950
_d284950
942 _cBK